[Event "Sherbrooke op C"]
[Site "Sherbrooke CAN"]
[Date "2007.05.27"]
[Round "4"]
[White "Sanders, Danny"]
[Black "Lavigne, Jake"]
[Result "1-0"]
[WhiteElo "1206"]
[BlackElo "1286"]
[PlyCount "121"]
[GameId "2160767910676072"]
[EventDate "2007.05.25"]
[EventType "swiss"]
[EventRounds "5"]
[EventCountry "CAN"]
[SourceTitle "EXT 2022"]
[Source "ChessBase"]
[SourceDate "2021.10.06"]
[SourceVersion "1"]
[SourceVersionDate "2021.10.06"]
[SourceQuality "1"]

1. e4 c5 2. Nf3 Nc6 3. d4 cxd4 4. Nxd4 e6 5. Nxc6 bxc6 6. b3 Nf6 7. Bd3 d5 8. e5 Nd7 9. Qe2 Be7 10. O-O Qc7 11. Bf4 O-O 12. Nd2 f6 13. Rfe1 Nxe5 14. Bxe5 Qxe5 15. Qxe5 fxe5 16. Rxe5 Bd6 17. Re2 e5 18. f3 Bd7 19. Nf1 Rf6 20. Ne3 Raf8 21. h3 Bc5 22. Kh1 Bxe3 23. Rxe3 Rf4 24. Rxe5 Bf5 25. Bxf5 R4xf5 26. Rxf5 Rxf5 27. Re1 h6 28. Kg1 Kh7 29. Kf2 g5 30. Re7+ Kg6 31. Re6+ Rf6 32. Rxf6+ Kxf6 33. Ke3 Kf5 34. g3 c5 35. h4 g4 36. f4 d4+ 37. Kd3 h5 38. a3 a5 39. a4 Ke6 40. Kc4 Kd6 41. Kd3 Kd5 42. c3 dxc3 43. Kxc3 Kc6 44. Kc4 Kd6 45. Kc3 Kc6 46. Kd3 Kd5 47. Ke3 c4 48. bxc4+ Kxc4 49. f5 Kd5 50. Kf4 Kd6 51. Kg5 Ke7 52. Kxh5 Kf6 53. Kxg4 Kf7 54. Kg5 Kg7 55. h5 Kf7 56. f6 Kg8 57. Kf5 Kf7 58. h6 Kg8 59. Ke6 Kf8 60. h7 Ke8 61. h8=Q# 1-0

[Event "Sherbrooke op C"]
[Site "Sherbrooke CAN"]
[Date "2007.05.27"]
[Round "4"]
[White "Toussaint, Claude"]
[Black "Remillard, Pierre"]
[Result "1-0"]
[WhiteElo "1483"]
[BlackElo "1450"]
[PlyCount "83"]
[GameId "2160767910676073"]
[EventDate "2007.05.25"]
[EventType "swiss"]
[EventRounds "5"]
[EventCountry "CAN"]
[SourceTitle "EXT 2022"]
[Source "ChessBase"]
[SourceDate "2021.10.06"]
[SourceVersion "1"]
[SourceVersionDate "2021.10.06"]
[SourceQuality "1"]

1. e4 c5 2. Nf3 d6 3. d4 cxd4 4. Nxd4 Nf6 5. Nc3 a6 6. Bg5 e6 7. f4 Be7 8. Qf3 Nc6 9. Nxc6 bxc6 10. O-O-O d5 11. exd5 cxd5 12. g4 Rb8 13. Bxf6 Bxf6 14. g5 Bxg5 15. fxg5 Qxg5+ 16. Kb1 Bb7 17. Qf2 Qe7 18. Bg2 O-O 19. Rhe1 Qb4 20. Qd4 Qxd4 21. Rxd4 Rfc8 22. Rd3 Rc4 23. Ne2 Bc6 24. b3 g5 25. Rd4 Rbb4 26. Rxc4 dxc4 27. Bxc6 cxb3 28. cxb3 Rh4 29. Rh1 f5 30. Bd7 Kf7 31. Bc8 a5 32. Rd1 Rxh2 33. Nd4 g4 34. Bxe6+ Kf6 35. Bxf5 h5 36. Rg1 Ke5 37. Rd1 g3 38. Nf3+ Kxf5 39. Nxh2 h4 40. Rd5+ Kf4 41. Rd4+ Kg5 42. Nf3+ 1-0

[Event "Sherbrooke op C"]
[Site "Sherbrooke CAN"]
[Date "2007.05.27"]
[Round "4"]
[White "Viens, Nicolas"]
[Black "Belanger, Christopher"]
[Result "0-1"]
[WhiteElo "1360"]
[BlackElo "1331"]
[PlyCount "76"]
[GameId "2160767910676074"]
[EventDate "2007.05.25"]
[EventType "swiss"]
[EventRounds "5"]
[EventCountry "CAN"]
[SourceTitle "EXT 2022"]
[Source "ChessBase"]
[SourceDate "2021.10.06"]
[SourceVersion "1"]
[SourceVersionDate "2021.10.06"]
[SourceQuality "1"]

1. c4 g6 2. d4 Bg7 3. Nf3 d6 4. e4 e6 5. Nc3 Ne7 6. Bd3 O-O 7. Bg5 Nd7 8. O-O Re8 9. d5 Nc5 10. b4 Nxd3 11. Qxd3 Qd7 12. Rad1 exd5 13. Nxd5 Nxd5 14. exd5 Qa4 15. Rfe1 Bf5 16. Qd2 Qa3 17. Nd4 Qd3 18. Rxe8+ Rxe8 19. Qxd3 Bxd3 20. Nf3 Bxc4 21. Rc1 Bxa2 22. Rxc7 Bxd5 23. Rd7 f6 24. Bf4 Bf8 25. Bxd6 Bxf3 26. gxf3 Re1+ 27. Kg2 Rd1 28. Rxb7 Bxd6 29. b5 Bc5 30. Kh3 Bxf2 31. Kg2 Bb6 32. f4 Rd5 33. Kf3 Rxb5 34. Kg4 Rf5 35. h4 Be3 36. Rb8+ Kg7 37. Rb7+ Kh6 38. Rb4 Rxf4+ 0-1

[Event "Sherbrooke op C"]
[Site "Sherbrooke CAN"]
[Date "2007.05.27"]
[Round "5"]
[White "Beauregard, Pascal"]
[Black "Belanger, Christopher"]
[Result "1/2-1/2"]
[WhiteElo "1401"]
[BlackElo "1331"]
[PlyCount "106"]
[GameId "2160767910676075"]
[EventDate "2007.05.25"]
[EventType "swiss"]
[EventRounds "5"]
[EventCountry "CAN"]
[SourceTitle "EXT 2022"]
[Source "ChessBase"]
[SourceDate "2021.10.06"]
[SourceVersion "1"]
[SourceVersionDate "2021.10.06"]
[SourceQuality "1"]

1. e4 c5 2. c3 Nc6 3. d4 cxd4 4. cxd4 e6 5. Nf3 d6 6. Bb5 a6 7. Ba4 b5 8. Bc2 d5 9. O-O Nf6 10. Bg5 Be7 11. e5 Nd7 12. Bxe7 Nxe7 13. Nbd2 Ng6 14. a3 Bb7 15. Qe2 Nb6 16. b3 O-O 17. Bxg6 fxg6 18. Rac1 Qe7 19. Nb1 b4 20. a4 Rfc8 21. Qb2 a5 22. Rxc8+ Rxc8 23. Rc1 Rf8 24. Qe2 Ra8 25. Qe3 h6 26. Nbd2 Ba6 27. h3 Rc8 28. Nb1 Qd8 29. Qf4 Be2 30. Nh2 Rc7 31. Qd2 Ba6 32. Nf3 Qc8 33. Rxc7 Qxc7 34. Kh2 Qf7 35. Qc2 Qf5 36. Qxf5 gxf5 37. h4 g6 38. Kg3 Nd7 39. Kf4 Nf8 40. Ng1 Nh7 41. Nh3 Bf1 42. Kf3 g5 43. hxg5 hxg5 44. Ng1 Ba6 45. g4 f4 46. Nd2 Kf7 47. Nh3 Kg6 48. Kg2 Bd3 49. f3 Ba6 50. Kf2 Kf7 51. Ke1 Ke7 52. Kd1 Kd7 53. Kc2 Kc6 1/2-1/2

[Event "Sherbrooke op C"]
[Site "Sherbrooke CAN"]
[Date "2007.05.27"]
[Round "5"]
[White "Breton, Jules"]
[Black "Beaudry, Marc-Andre"]
[Result "0-1"]
[WhiteElo "1371"]
[BlackElo "1443"]
[PlyCount "72"]
[GameId "2160767910676076"]
[EventDate "2007.05.25"]
[EventType "swiss"]
[EventRounds "5"]
[EventCountry "CAN"]
[SourceTitle "EXT 2022"]
[Source "ChessBase"]
[SourceDate "2021.10.06"]
[SourceVersion "1"]
[SourceVersionDate "2021.10.06"]
[SourceQuality "1"]

1. e4 e5 2. Nf3 Nf6 3. Bc4 c6 4. O-O d5 5. exd5 cxd5 6. Bb5+ Bd7 7. Bxd7+ Nbxd7 8. d3 h6 9. b3 Bd6 10. h3 O-O 11. Re1 Re8 12. Bb2 Qc7 13. g3 e4 14. Nh4 e3 15. Nf5 exf2+ 16. Kxf2 Rxe1 17. Qxe1 Qxc2+ 18. Qd2 Bc5+ 19. Bd4 Qxd2+ 20. Nxd2 Bxd4+ 21. Nxd4 Ne5 22. Ke3 Re8 23. N2f3 Nc6+ 24. Kf2 Nb4 25. Ne1 Nd7 26. a3 Nc6 27. Nb5 Re6 28. b4 Rf6+ 29. Kg2 a6 30. Nc3 d4 31. Ne4 Re6 32. g4 Nce5 33. Nf2 Nb6 34. Rc1 Nd5 35. Kg3 Nc3 36. Rc2 b5 0-1

[Event "Sherbrooke op C"]
[Site "Sherbrooke CAN"]
[Date "2007.05.27"]
[Round "5"]
[White "Lavigne, Jake"]
[Black "Roussel, Alexandre"]
[Result "0-1"]
[WhiteElo "1286"]
[BlackElo "1317"]
[PlyCount "50"]
[GameId "2160767910676077"]
[EventDate "2007.05.25"]
[EventType "swiss"]
[EventRounds "5"]
[EventCountry "CAN"]
[SourceTitle "EXT 2022"]
[Source "ChessBase"]
[SourceDate "2021.10.06"]
[SourceVersion "1"]
[SourceVersionDate "2021.10.06"]
[SourceQuality "1"]

1. e4 Nf6 2. Nc3 e5 3. Nd5 Bc5 4. Nxf6+ Qxf6 5. Qe2 O-O 6. Qf3 Qe6 7. Qh3 Qxh3 8. Nxh3 Nc6 9. d3 Nb4 10. Kd1 d5 11. g3 Bg4+ 12. Kd2 dxe4 13. dxe4 Rad8+ 14. Bd3 Bxh3 15. a3 Nc6 16. b4 Bxf2 17. Ke2 Bd4 18. Ra2 Bg4+ 19. Kd2 f5 20. Re1 fxe4 21. Rxe4 h5 22. Bb5 Rf2+ 23. Re2 Be3+ 24. Kxe3 Rf3+ 25. Ke4 Rd4# 0-1

[Event "Sherbrooke op C"]
[Site "Sherbrooke CAN"]
[Date "2007.05.27"]
[Round "5"]
[White "Olivier, Luc"]
[Black "Toussaint, Claude"]
[Result "1/2-1/2"]
[WhiteElo "1228"]
[BlackElo "1483"]
[PlyCount "81"]
[GameId "2160767910676078"]
[EventDate "2007.05.25"]
[EventType "swiss"]
[EventRounds "5"]
[EventCountry "CAN"]
[SourceTitle "EXT 2022"]
[Source "ChessBase"]
[SourceDate "2021.10.06"]
[SourceVersion "1"]
[SourceVersionDate "2021.10.06"]
[SourceQuality "1"]

1. d4 d5 2. c4 e6 3. Nc3 Nf6 4. Bg5 Be7 5. e3 O-O 6. Nf3 Nbd7 7. cxd5 exd5 8. Bd3 h6 9. Bh4 Re8 10. O-O a6 11. a4 c6 12. Qc2 Nf8 13. Ne5 Ng4 14. Bxe7 Qxe7 15. Nxg4 Bxg4 16. Ne2 Bxe2 17. Qxe2 Nd7 18. Qc2 Nf6 19. h3 Rac8 20. Rfc1 Qd6 21. Qc5 Qxc5 22. Rxc5 Ne4 23. Bxe4 Rxe4 24. a5 f5 25. g3 g5 26. Rac1 Ree8 27. R1c2 Rcd8 28. R5c3 Rd7 29. b4 Rde7 30. Kg2 Re4 31. Rc1 f4 32. gxf4 gxf4 33. f3 Rxe3 34. Rxe3 fxe3 35. Re1 Kg7 36. Kg3 Kg6 37. Kf4 h5 38. Rxe3 Rxe3 39. Kxe3 Kf5 40. f4 Kf6 41. Kf3 1/2-1/2

[Event "Sherbrooke op C"]
[Site "Sherbrooke CAN"]
[Date "2007.05.27"]
[Round "5"]
[White "Pelosse, Jacques"]
[Black "Boutin, Andre"]
[Result "0-1"]
[WhiteElo "1321"]
[BlackElo "1317"]
[PlyCount "76"]
[GameId "2160767910676079"]
[EventDate "2007.05.25"]
[EventType "swiss"]
[EventRounds "5"]
[EventCountry "CAN"]
[SourceTitle "EXT 2022"]
[Source "ChessBase"]
[SourceDate "2021.10.06"]
[SourceVersion "1"]
[SourceVersionDate "2021.10.06"]
[SourceQuality "1"]

1. d4 d5 2. c4 Nf6 3. Nc3 e6 4. Bg5 Be7 5. e3 c6 6. Nf3 Nfd7 7. Bxe7 Qxe7 8. c5 Nf6 9. Bd3 Nbd7 10. O-O e5 11. dxe5 Nxe5 12. Nxe5 Qxe5 13. Qc2 Be6 14. Rfe1 d4 15. f4 Qxc5 16. Ne4 Nxe4 17. Qxc5 Nxc5 18. Bf5 d3 19. Bxe6 Nxe6 20. Rad1 Rd8 21. Rd2 Nc5 22. Red1 a5 23. a3 O-O 24. b4 axb4 25. axb4 Na6 26. Rxd3 Rxd3 27. Rxd3 Nxb4 28. Rd2 Ra8 29. h3 f5 30. Kh2 Re8 31. h4 b5 32. Rb2 Re4 33. Kg1 Nd5 34. Rc2 Rc4 35. Rxc4 bxc4 36. Kf2 c3 37. Ke2 c2 38. Kd2 Nxe3 0-1

[Event "Sherbrooke op C"]
[Site "Sherbrooke CAN"]
[Date "2007.05.27"]
[Round "5"]
[White "Saint Vincent, Gagne Felix"]
[Black "Belanger, Priscillia"]
[Result "1-0"]
[WhiteElo "1222"]
[BlackElo "881"]
[PlyCount "85"]
[GameId "2160767910676080"]
[EventDate "2007.05.25"]
[EventType "swiss"]
[EventRounds "5"]
[EventCountry "CAN"]
[SourceTitle "EXT 2022"]
[Source "ChessBase"]
[SourceDate "2021.10.06"]
[SourceVersion "1"]
[SourceVersionDate "2021.10.06"]
[SourceQuality "1"]

1. e4 e5 2. Nf3 Nf6 3. Nc3 d5 4. exd5 Nxd5 5. d3 Nc6 6. Be2 Bb4 7. Bd2 Nxc3 8. Bxc3 Bxc3+ 9. bxc3 Bf5 10. O-O O-O 11. Rc1 e4 12. dxe4 Qxd1 13. Rfxd1 Bxe4 14. Rd2 Rad8 15. Rxd8 Rxd8 16. g3 Rd5 17. Rb1 b6 18. Ne1 Ra5 19. Rb2 Ra3 20. c4 Ne5 21. Bd3 Bxd3 22. cxd3 Nxd3 23. Rd2 Rc3 24. Rxd3 Rxd3 25. Nxd3 c6 26. f4 b5 27. cxb5 cxb5 28. a3 f6 29. Kf2 Kf7 30. Ke3 Ke6 31. Ke4 Kd6 32. Kd4 f5 33. Nc5 a6 34. h3 a5 35. Nd3 a4 36. Ne5 b4 37. axb4 a3 38. Nc4+ Kc6 39. Nxa3 g6 40. Ke5 h6 41. Kf6 g5 42. fxg5 hxg5 43. Kxg5 1-0

[Event "Sherbrooke op C"]
[Site "Sherbrooke CAN"]
[Date "2007.05.27"]
[Round "5"]
[White "Soskic, Milan"]
[Black "Viens, Nicolas"]
[Result "0-1"]
[WhiteElo "1398"]
[BlackElo "1360"]
[PlyCount "71"]
[GameId "2160767910676082"]
[EventDate "2007.05.25"]
[EventType "swiss"]
[EventRounds "5"]
[EventCountry "CAN"]
[SourceTitle "EXT 2022"]
[Source "ChessBase"]
[SourceDate "2021.10.06"]
[SourceVersion "1"]
[SourceVersionDate "2021.10.06"]
[SourceQuality "1"]

1. d4 d5 2. Nf3 Nf6 3. e3 Bf5 4. Be2 Nc6 5. O-O e6 6. a3 Bd6 7. b3 O-O 8. Bb2 Ne4 9. Nbd2 Re8 10. c4 b6 11. Ne5 Nxe5 12. dxe5 Bf8 13. f3 Nxd2 14. Qxd2 Bc5 15. Bd4 dxc4 16. Bxc4 c6 17. Qb2 Bf8 18. Rad1 Qc7 19. Be2 Red8 20. g4 Bg6 21. b4 Rd7 22. Bc3 Rad8 23. Rxd7 Rxd7 24. Rd1 Rd5 25. Rxd5 cxd5 26. Qd2 Be7 27. Bd3 Qc6 28. Kg2 Bg5 29. Bxg6 hxg6 30. Bd4 f5 31. exf6 gxf6 32. f4 e5 33. fxg5 exd4 34. exd4 Qe6 35. Kg3 f5 36. gxf5 0-1

[Event "Sherbrooke op C"]
[Site "Sherbrooke CAN"]
[Date "2007.05.27"]
[Round "5"]
[White "Valiquette, Simon"]
[Black "Sanders, Danny"]
[Result "1-0"]
[WhiteElo "1321"]
[BlackElo "1206"]
[PlyCount "113"]
[GameId "2160767910676083"]
[EventDate "2007.05.25"]
[EventType "swiss"]
[EventRounds "5"]
[EventCountry "CAN"]
[SourceTitle "EXT 2022"]
[Source "ChessBase"]
[SourceDate "2021.10.06"]
[SourceVersion "1"]
[SourceVersionDate "2021.10.06"]
[SourceQuality "1"]

1. c4 Nf6 2. g3 e5 3. Bg2 Bc5 4. Nc3 c6 5. Rb1 O-O 6. b4 Be7 7. Nf3 d5 8. Nxe5 dxc4 9. Nxc4 Qd4 10. Ne3 Be6 11. Bb2 Qxb4 12. Ne4 Qa5 13. Bxf6 Bxf6 14. Nxf6+ gxf6 15. Rxb7 Qxa2 16. O-O a5 17. f4 a4 18. Qc1 Bd5 19. Nxd5 cxd5 20. Qc3 Qc4 21. Qxf6 Qc6 22. Qg5+ Qg6 23. Bxd5 Ra6 24. Bxf7+ Rxf7 25. Rxb8+ Kg7 26. Qe5+ Qf6 27. Qxf6+ Rfxf6 28. Ra1 Ra7 29. Kf2 a3 30. e4 a2 31. Ke3 Kf7 32. e5 Rc6 33. Rb2 Rca6 34. Ke4 Ra4+ 35. Kf5 R4a5 36. d4 Ke7 37. d5 Rxd5 38. Rbxa2 Rad7 39. Ra7 Rd2 40. Rxd7+ Rxd7 41. Ra6 Ke8 42. e6 Rd5+ 43. Kf6 h5 44. Ra8+ Rd8 45. Rxd8+ Kxd8 46. e7+ Ke8 47. h4 Kd7 48. Kf7 Kc7 49. e8=Q Kb6 50. Qc8 Kb5 51. Ke6 Kb4 52. Kd5 Kb3 53. Qc4+ Kb2 54. Kd4 Kb1 55. Kc3 Ka1 56. Qe2 Kb1 57. Qb2# 1-0

[Event "Skeel mem"]
[Site "Edmonton CAN"]
[Date "2007.04.05"]
[Round "1"]
[White "Rekhson, Vladislav"]
[Black "Laboucane, Randy"]
[Result "1-0"]
[WhiteElo "2184"]
[BlackElo "1697"]
[PlyCount "83"]
[GameId "2160767910701385"]
[EventDate "2007.04.05"]
[EventType "swiss"]
[EventCountry "CAN"]

1. e4 c5 2. Nf3 d6 3. c3 Nf6 4. Bd3 Nc6 5. Bc2 Bg4 6. h3 Bxf3 7. Qxf3 Qb6 8. O-O g6 9. Na3 a6 10. Nc4 Qc7 11. a4 Ne5 12. Qe2 Nxc4 13. Qxc4 Rc8 14. f4 Bg7 15. Rb1 O-O 16. b4 b5 17. axb5 axb5 18. Qxb5 Rb8 19. Qc4 Qa7 20. b5 e6 21. e5 d5 22. b6 Qb7 23. Qxc5 Rfc8 24. Qf2 Nd7 25. Ba3 Nxb6 26. Bd6 Bf8 27. Bxb8 Rxb8 28. Rb5 Qc7 29. Rfb1 Nd7 30. Rxb8 Nxb8 31. Qe2 Nc6 32. Qb5 Nd4 33. Qe8 Nc6 34. Kh1 Kg7 35. Ba4 Na5 36. Rb8 Qe7 37. Qxe7 Bxe7 38. d3 Bh4 39. Ra8 Nb7 40. d4 Be1 41. Ra7 Nd8 42. Rd7 1-0

[Event "Skeel mem"]
[Site "Edmonton CAN"]
[Date "2007.04.12"]
[Round "2"]
[White "Hughey, Micah"]
[Black "Ostapchuk, David"]
[Result "1-0"]
[WhiteElo "2233"]
[BlackElo "1781"]
[PlyCount "111"]
[GameId "2160767910701386"]
[EventDate "2007.04.05"]
[EventType "swiss"]
[EventCountry "CAN"]

1. e4 c6 2. d4 d5 3. exd5 cxd5 4. c4 Nf6 5. Nc3 Nc6 6. Nf3 Bg4 7. cxd5 Nxd5 8. Qb3 Bxf3 9. gxf3 Nb6 10. Be3 e6 11. O-O-O Bb4 12. Rg1 Bxc3 13. bxc3 O-O 14. Bh6 g6 15. Bxf8 Qxf8 16. h4 Qh6+ 17. Kb1 Qxh4 18. Qc2 Rc8 19. Bb5 Qh5 20. Be2 Nb4 21. Qd2 Qf5+ 22. Bd3 Nxd3 23. Qxd3 Rxc3 24. Qxf5 exf5 25. d5 Rc7 26. Rge1 Rd7 27. d6 Kg7 28. Re7 Kf6 29. Rxd7 Nxd7 30. Re1 a6 31. Re7 Nc5 32. Rc7 b6 33. d7 Ne6 34. Rc6 Ke7 35. Rxb6 Kxd7 36. Rxa6 h5 37. Ra8 Nd4 38. a4 h4 39. f4 Ne6 40. Rh8 Nxf4 41. Rxh4 Nd5 42. Rc4 Nb6 43. Rb4 Kc6 44. a5 Nd5 45. Rb3 Nc7 46. f4 Kd5 47. Rb7 Kc6 48. Rb3 Kd5 49. Kc2 Kc6 50. Kd2 Kc5 51. Rc3+ Kd6 52. Ke1 Nd5 53. a6 Nxc3 54. a7 Ne4 55. a8=Q Ke6 56. Qe8+ 1-0

[Event "Skeel mem"]
[Site "Edmonton CAN"]
[Date "2007.04.12"]
[Round "2"]
[White "Ventura, Jason"]
[Black "Wihnon, Jason"]
[Result "1-0"]
[WhiteElo "1690"]
[BlackElo "1862"]
[PlyCount "37"]
[GameId "2160767910701387"]
[EventDate "2007.04.05"]
[EventType "swiss"]
[EventCountry "CAN"]

1. e4 c5 2. Nf3 d6 3. d4 cxd4 4. Nxd4 Nf6 5. Nc3 g6 6. Bc4 Bg7 7. Be3 Nc6 8. Qd2 Bd7 9. f3 Rc8 10. Nxc6 Bxc6 11. Bb3 a6 12. O-O-O Qa5 13. Bh6 O-O 14. h4 Bxh6 15. Qxh6 Bd7 16. Nd5 Nxd5 17. Rxd5 Rc5 18. h5 gxh5 19. Qxh5 1-0

[Event "Skeel mem"]
[Site "Edmonton CAN"]
[Date "2007.04.26"]
[Round "4"]
[White "Pedersen, Rick"]
[Black "Hughey, Micah"]
[Result "1-0"]
[WhiteElo "1946"]
[BlackElo "2233"]
[PlyCount "97"]
[GameId "2160767910701388"]
[EventDate "2007.04.05"]
[EventType "swiss"]
[EventCountry "CAN"]

1. e4 e5 2. Nf3 Nc6 3. Bb5 a6 4. Ba4 Nf6 5. O-O Be7 6. Re1 b5 7. Bb3 O-O 8. c3 d6 9. d4 Bg4 10. d5 Na5 11. Bc2 c6 12. dxc6 Qc7 13. Nbd2 Qxc6 14. h3 Bc8 15. Nf1 Nc4 16. Ng3 Re8 17. a4 Bb7 18. Qd3 g6 19. b3 Nb6 20. a5 Nbd7 21. c4 bxc4 22. bxc4 Rec8 23. Nd2 Nc5 24. Qe3 Ne6 25. Ne2 Nd7 26. Bb2 Bg5 27. f4 Nxf4 28. Qa3 Nxh3+ 29. Qxh3 Bxd2 30. Rf1 Nf8 31. Ba3 Bg5 32. Rab1 Bd8 33. Bb3 Ne6 34. c5 dxc5 35. Bd5 Ng5 36. Qe3 Nxe4 37. Bxc6 Bxc6 38. Nc3 Bg5 39. Qf3 f5 40. Nxe4 Bxe4 41. Qb3+ c4 42. Qb6 Bxb1 43. Qe6+ Kg7 44. Rxb1 c3 45. Qxe5+ Kh6 46. Rb7 Kh5 47. Rxh7+ Kg4 48. Qe2+ Kf4 49. Bd6# 1-0

[Event "Spring Thaw"]
[Site "Ottawa CAN"]
[Date "2007.03.01"]
[Round "1"]
[White "Pacey, Kevin"]
[Black "Xiong, Jerry"]
[Result "1/2-1/2"]
[WhiteElo "2228"]
[BlackElo "2216"]
[PlyCount "71"]
[GameId "2160767910726723"]
[EventDate "2007.02.04"]
[EventType "swiss"]
[EventRounds "6"]
[EventCountry "CAN"]

1. f4 d5 2. Nf3 c5 3. g3 Nc6 4. Bg2 Nf6 5. d3 g6 6. O-O Bg7 7. Nc3 O-O 8. e4 d4 9. Ne2 Ng4 10. h3 Ne3 11. Bxe3 dxe3 12. c3 Qb6 13. Qc1 Rd8 14. Rd1 Be6 15. Ng5 Rd7 16. Nxe6 fxe6 17. Rb1 Rad8 18. Qxe3 Qa5 19. e5 c4 20. d4 Qxa2 21. Be4 Rd5 22. Ra1 Qb3 23. Rdb1 a6 24. Bxd5 exd5 25. Qd2 e6 26. Rf1 Qb6 27. Kh1 Rf8 28. Ng1 Ne7 29. Nf3 Nf5 30. Kg2 Bh6 31. h4 Qd8 32. Ng5 Qe7 33. Rh1 Bg7 34. g4 Nh6 35. Kg3 Nf7 36. Raf1 1/2-1/2

[Event "Spring Thaw"]
[Site "Ottawa CAN"]
[Date "2007.03.08"]
[Round "2"]
[White "Davies, Alex"]
[Black "Pacey, Kevin"]
[Result "0-1"]
[WhiteElo "2295"]
[BlackElo "2228"]
[PlyCount "73"]
[GameId "2160767910726724"]
[EventDate "2007.02.04"]
[EventType "swiss"]
[EventRounds "6"]
[EventCountry "CAN"]

1. e4 c6 2. c4 d5 3. exd5 cxd5 4. cxd5 Nf6 5. Bb5+ Nbd7 6. Nc3 g6 7. Nf3 Bg7 8. O-O O-O 9. d4 Nb6 10. Re1 Nbxd5 11. Qb3 Bf5 12. Bg5 Nxc3 13. bxc3 Ne4 14. Bf4 Qa5 15. Rac1 Nd6 16. Bxd6 exd6 17. Re7 Be6 18. Bc4 d5 19. Bd3 Bh6 20. Rc2 b6 21. Qb4 Rfc8 22. Qxa5 bxa5 23. h3 a4 24. Rb7 a3 25. Ne5 Rcb8 26. Rxb8+ Rxb8 27. g4 Rb1+ 28. Kg2 Rd1 29. Be2 Rd2 30. Bd3 Rxc2 31. Bxc2 Bd2 32. Nc6 Bxc3 33. Bb3 Kf8 34. Nxa7 Bxd4 35. Nb5 Bb2 36. Nc7 Ke7 37. Bxd5 0-1

[Event "Spring Thaw"]
[Site "Ottawa CAN"]
[Date "2007.03.15"]
[Round "3"]
[White "Pacey, Kevin"]
[Black "Szalay, Karoly"]
[Result "1-0"]
[WhiteElo "2228"]
[BlackElo "2132"]
[PlyCount "81"]
[GameId "2160767910726725"]
[EventDate "2007.02.04"]
[EventType "swiss"]
[EventRounds "6"]
[EventCountry "CAN"]

1. d4 d5 2. Nf3 Nf6 3. c4 e6 4. g3 c6 5. Nbd2 Bd6 6. Bg2 O-O 7. O-O Re8 8. Qc2 Nbd7 9. Rd1 e5 10. cxd5 cxd5 11. dxe5 Nxe5 12. Nxe5 Bxe5 13. Nf3 Bd6 14. Bg5 Be6 15. Nd4 h6 16. Nxe6 fxe6 17. Be3 Qe7 18. Qg6 Qf7 19. Qxf7+ Kxf7 20. Rac1 Ke7 21. Bd4 b6 22. e3 Rac8 23. Bf1 g5 24. Be2 Bc5 25. Ba6 Rb8 26. Be5 Bd6 27. Bxf6+ Kxf6 28. Rc6 Rbd8 29. e4 Ke5 30. exd5 Bc5 31. b4 Bxb4 32. d6 Rf8 33. d7 Bc5 34. Rd2 Rf7 35. Bc4 Rfxd7 36. Rxe6+ Kf5 37. Rde2 Bd6 38. Bd3+ Kg4 39. h3+ Kxh3 40. Bf5+ g4 41. Rxh6# 1-0

[Event "Spring Thaw"]
[Site "Ottawa CAN"]
[Date "2007.03.22"]
[Round "4"]
[White "Xiong, Jerry"]
[Black "Pacey, Kevin"]
[Result "0-1"]
[WhiteElo "2216"]
[BlackElo "2228"]
[PlyCount "106"]
[GameId "2160767910726726"]
[EventDate "2007.02.04"]
[EventType "swiss"]
[EventRounds "6"]
[EventCountry "CAN"]

1. e4 c6 2. d4 d5 3. exd5 cxd5 4. Nf3 Nf6 5. Bd3 Bg4 6. O-O Nc6 7. Be3 e6 8. Nbd2 Bd6 9. h3 Bh5 10. c4 dxc4 11. Nxc4 O-O 12. Nxd6 Qxd6 13. Bg5 Nd5 14. Re1 Ndb4 15. Re4 Nxd3 16. Qxd3 Bg6 17. Rae1 Qd5 18. a3 h6 19. Bxh6 gxh6 20. Rg4 Kh7 21. Qe3 Rh8 22. Qf4 Qf5 23. Qc7 Rhc8 24. Qd7 Qd5 25. Qxb7 Rab8 26. Qa6 Qb5 27. Qxb5 Rxb5 28. b4 Bh5 29. Rf4 Kg7 30. g4 Bg6 31. Rc1 Nxd4 32. Rxc8 Ne2+ 33. Kh2 Nxf4 34. Rc7 a5 35. Nd4 Rd5 36. Nc6 axb4 37. axb4 Rd2 38. Kg3 Nd5 39. Rb7 Kf6 40. b5 Rd3+ 41. f3 Be4 42. b6 Rxf3+ 43. Kh4 Nf4 44. Rxf7+ Kxf7 45. Ne5+ Kf6 46. Nxf3 Bxf3 47. Kg3 Bb7 48. Kxf4 e5+ 49. Kg3 Kg5 50. h4+ Kf6 51. Kf2 e4 52. Ke3 Ke5 53. h5 Bc6 0-1

[Event "Spring Thaw"]
[Site "Ottawa CAN"]
[Date "2007.03.29"]
[Round "5"]
[White "Pacey, Kevin"]
[Black "Davies, Alex"]
[Result "0-1"]
[WhiteElo "2228"]
[BlackElo "2295"]
[PlyCount "47"]
[GameId "2160767910726727"]
[EventDate "2007.02.04"]
[EventType "swiss"]
[EventRounds "6"]
[EventCountry "CAN"]

1. d4 Nf6 2. c4 g6 3. Nc3 Bg7 4. e4 O-O 5. Be2 d6 6. Bg5 c5 7. d5 h6 8. Be3 e6 9. Qd2 exd5 10. cxd5 Re8 11. f3 h5 12. h4 Nh7 13. Nh3 Qxh4+ 14. Nf2 Qd8 15. g4 hxg4 16. Nxg4 Bxg4 17. fxg4 a6 18. Bf3 Nd7 19. O-O-O b5 20. Qh2 Ndf8 21. Kb1 b4 22. Ne2 Qf6 23. Ng1 a5 24. Qf4 0-1

[Event "Spring Thaw"]
[Site "Ottawa CAN"]
[Date "2007.04.05"]
[Round "6"]
[White "Szalay, Karoly"]
[Black "Pacey, Kevin"]
[Result "0-1"]
[WhiteElo "2132"]
[BlackElo "2228"]
[PlyCount "112"]
[GameId "2160767910726728"]
[EventDate "2007.02.04"]
[EventType "swiss"]
[EventRounds "6"]
[EventCountry "CAN"]

1. e4 c6 2. d4 d5 3. Nd2 dxe4 4. Nxe4 Bf5 5. Ng3 Bg6 6. c3 e6 7. Nf3 Nd7 8. Be3 Ngf6 9. Qd2 Be7 10. Bc4 Nd5 11. O-O O-O 12. Rad1 Qc7 13. Rfe1 Rad8 14. Bg5 Bxg5 15. Qxg5 Qf4 16. Qxf4 Nxf4 17. Ne5 Nxe5 18. dxe5 Bc2 19. Rd4 Rxd4 20. cxd4 Rd8 21. Ne2 Nd3 22. Bxd3 Bxd3 23. Nf4 Rxd4 24. Rd1 Rxf4 25. Rxd3 g5 26. f3 Rc4 27. Rb3 b6 28. Ra3 a5 29. Rb3 b5 30. Kf2 Rc5 31. Rc3 Rxc3 32. bxc3 c5 33. Ke3 f5 34. Kd3 Kf7 35. Kc2 a4 36. Kb2 Ke7 37. c4 bxc4 38. Kc3 Kd7 39. Kxc4 Kc6 40. g4 fxg4 41. fxg4 Kb6 42. Kc3 Kb5 43. a3 c4 44. Kd4 c3 45. Kxc3 Kc5 46. h3 h6 47. Kd3 Kd5 48. Kc3 Kxe5 49. Kb4 Kd4 50. Kxa4 e5 51. Kb3 Kd3 52. a4 e4 53. a5 e3 54. a6 e2 55. a7 e1=Q 56. a8=Q Qb1+ 0-1

[Event "Toronto Reserves-A"]
[Site "Toronto CAN"]
[Date "2007.??.??"]
[Round "1"]
[White "Armstrong, Robert J"]
[Black "Kurkowski, Ken"]
[Result "1/2-1/2"]
[WhiteElo "1834"]
[BlackElo "1799"]
[PlyCount "71"]
[GameId "2160767910726729"]
[EventDate "2007.02.??"]
[EventType "tourn"]
[EventRounds "7"]
[EventCountry "CAN"]
[SourceTitle "EXT 2022"]
[Source "ChessBase"]
[SourceDate "2021.10.06"]
[SourceVersion "1"]
[SourceVersionDate "2021.10.06"]
[SourceQuality "1"]

1. d4 Nf6 2. c4 e6 3. Nf3 d5 4. e3 c5 5. Bd3 Nc6 6. O-O Be7 7. Nc3 O-O 8. b3 b6 9. Bb2 Bb7 10. Rc1 Rc8 11. dxc5 bxc5 12. Qe2 Re8 13. Rfd1 d4 14. exd4 Nxd4 15. Nxd4 cxd4 16. Ne4 Nxe4 17. Bxe4 Bxe4 18. Qxe4 e5 19. Qxe5 Ba3 20. Qxd4 Qxd4 21. Bxd4 Bxc1 22. Rxc1 Re2 23. Bxa7 Rxa2 24. Bd4 Rb8 25. Rb1 Rc2 26. c5 Rxb3 27. Ra1 Rb8 28. g3 h6 29. h4 Rd8 30. Be3 Kf8 31. Ra7 Rc8 32. Kg2 Rc4 33. Kf3 h5 34. Ke2 Rd8 35. Rc7 f6 36. Kf3 1/2-1/2